Mo mát nhà
Nội dung sách giới thiệu về Mo mát nhà mời thần Khồng Trăm về giải hạn, tóm tắt lễ Mo, nội dung bài Mo. Gồm phần tiếng Mường và phần tiếng Việt.
Na minha lista:
| Autor principal: | |
|---|---|
| Formato: | Livro |
| Idioma: | Undetermined |
| Publicado em: |
Hà Nội
Văn hóa Dân tộc
2016
|
| Assuntos: | |
| Tags: |
Adicionar Tag
Sem tags, seja o primeiro a adicionar uma tag!
|
| Thư viện lưu trữ: | Trung tâm Học liệu Trường Đại học Cần Thơ |
|---|
| LEADER | 00804nam a2200205Ia 4500 | ||
|---|---|---|---|
| 001 | CTU_225893 | ||
| 008 | 210402s9999 xx 000 0 und d | ||
| 082 | |a 390.09597 | ||
| 082 | |b N462 | ||
| 100 | |a Bùi, Văn Nợi | ||
| 245 | 0 | |a Mo mát nhà | |
| 245 | 0 | |c Bùi Văn Nợi | |
| 260 | |a Hà Nội | ||
| 260 | |b Văn hóa Dân tộc | ||
| 260 | |c 2016 | ||
| 520 | |a Nội dung sách giới thiệu về Mo mát nhà mời thần Khồng Trăm về giải hạn, tóm tắt lễ Mo, nội dung bài Mo. Gồm phần tiếng Mường và phần tiếng Việt. | ||
| 650 | |a Phong tục tập quán,Manners and customs | ||
| 650 | |z Việt Nam,Vietnam | ||
| 910 | |b dqhieu | ||
| 980 | |a Trung tâm Học liệu Trường Đại học Cần Thơ | ||